Mossad (Record no. 348718)
[ view plain ]
| 000 -LEADER | |
|---|---|
| fixed length control field | 00511nam a2200169Ia 4500 |
| 008 - FIXED-LENGTH DATA ELEMENTS--GENERAL INFORMATION | |
| fixed length control field | 230718s9999 xx 000 0 und d |
| 020 ## - INTERNATIONAL STANDARD BOOK NUMBER | |
| International Standard Book Number | 9788184958454 |
| 041 ## - LANGUAGE CODE | |
| Language code of text/sound track or separate title | eng |
| 082 ## - DEWEY DECIMAL CLASSIFICATION NUMBER | |
| Classification number | 355.0335 |
| Item number | BAR |
| 100 ## - MAIN ENTRY--PERSONAL NAME | |
| Personal name | Bar-Zohar M. |
| 9 (RLIN) | 117721 |
| 245 ## - TITLE STATEMENT | |
| Title | Mossad |
| Remainder of title | The Greatest Missions Of The Israeli Secret Service |
| 260 ## - PUBLICATION, DISTRIBUTION, ETC. (IMPRINT) | |
| Date of publication, distribution, etc. | 2018 |
| Name of publisher, distributor, etc. | Jaico Publishing House |
| 300 ## - PHYSICAL DESCRIPTION | |
| Extent | 388 |
| 365 ## - TRADE PRICE | |
| Currency code | Rs. |
| Price amount | 399.00 |
| 700 ## - ADDED ENTRY--PERSONAL NAME | |
| Personal name | Bar-Zohar M. & Mishal N. |
| 9 (RLIN) | 201189 |
| 906 ## - LOCAL DATA ELEMENT F, LDF (RLIN) | |
| d | O:0617817-Oct-2018B:471612-Sep-2018 |
| c | GENRL |
| b | 87.78 |
| Withdrawn status | Lost status | Damaged status | Not for loan | Home library | Current library | Date acquired | Vendor | Budget Code | Cost, normal purchase price | Bill number | Total Checkouts | Full call number | Barcode | Date last seen | Date last checked out | Discount | Cost, replacement price | Bill Date | Koha item type | Original Barcode |
|---|---|---|---|---|---|---|---|---|---|---|---|---|---|---|---|---|---|---|---|---|
| Cummins College of Engineering for Women Pune | Cummins College of Engineering for Women Pune | 17/10/2018 | Technical Book Services | GENRL | 311.22 | 4716 | 9 | 355.0335 | CCEP-BK-59925 | 20/02/2026 | 04/02/2026 | 87.78 | 399.00 | 12/09/2018 | Books | 059925 |